PAÍSES CUJA MAIOR CIDADE NÃO É A CAPITAL NACIONAL - Statistics

Estatísticas Gerais
  • Esse quiz foi jogado 137 vezes
  • A pontuação média é 20 de 37
Estatísticas das Respostas
CIDADE RESPOSTA % Correto
SYDNEY AUSTRÁLIA
100%
SÃO PAULO BRASIL
98%
XANGAI CHINA
96%
NOVA IORQUE ESTADOS UNIDOS
96%
TORONTO CANADÁ
95%
DUBAI EMIRADOS ÁRABES UNIDOS
95%
BELIZE BELIZE
93%
JOANESBURGO ÁFRICA DO SUL
92%
ISTAMBUL TURQUIA
91%
ZURIQUE SUÍÇA
88%
MUMBAI ÍNDIA
83%
GUAYAQUIL EQUADOR
80%
AUCKLAND NOVA ZELÂNDIA
76%
ANTUÉRPIA BÉLGICA
73%
CASABLANCA MARROCOS
73%
SANTA CRUZ DE LA SIERRA BOLÍVIA
71%
LAGOS NIGÉRIA
70%
NOVA TAIPÉ TAIWAN
68%
MONTE CARLO MÔNACO
58%
HO CHI MINH CITY VIETNÃ
56%
COLOMBO SRI LANKA
44%
KARACHI PAQUISTÃO
39%
DAR ER SALAN TANZÂNIA
36%
ALMATI CAZAQUISTÃO
28%
BUJUMBURA BURUNDI
27%
RANGUN MYANMAR
24%
QUÉZON CITY FILIPINAS
22%
DUALA CAMARÕES
19%
SERRAVALLE SAN MARINO
19%
KOROR PALAU
18%
CHAGUANAS TRINIDAD E TOBAGO
18%
BIRKIRKARA MALTA
17%
SCHAAN LIECHTENSTEIN
16%
WENO ESTADOS FEDERADOS DA MICRONÉSIA
15%
ONDURMÃ SUDÃO
15%
SEREKUNDA GÂMBIA
12%
MANZINI ESSUATINI
11%
Nenhum quiz correspondente encontrado
Distribuição das Pontuações
Porcentagem de Pessoas com Cada Pontuação
Percentil de Números Respondidos
Sua Pontuação Histórica
Você não jogou esse quiz